| 000 -ლიდერი |
| ფიქსირებული სიგრძის საკონტროლო ველი |
01859nam a2200325Ia 4500 |
| 001 - საკონტროლო ნომერი |
| საკონტროლო ველი |
18520 |
| 003 - საკონტროლო ნომრის იდენტიფიკატორი |
| საკონტროლო ველი |
GE_BSU |
| 005 - ბოლო ოპერაციის თარიღი და დრო |
| საკონტროლო ველი |
20241015121002.0 |
| 008 - ფიქსირებული სიგრძის მონაცემთა ელემენტები - ზოგადი ინფორმაცია |
| ფიქსირებული სიგრძის საკონტროლო ველი |
181216s2014||||ge |||||||||||||| ||geo|| |
| 020 ## - წიგნის საერთაშორისო სტანდარტული ნომერი |
| International Standard Book Number |
9789941164071 |
| 040 ## - კატალოგიზაციის წყარო |
| Transcribing agency |
GE_BSU |
| 041 ## - ენის კოდი |
| Language code of text/sound track or separate title |
geo |
| 080 ## - უნივერსალური ათობითი კლასიფიკაციის ინდექსი |
| Universal Decimal Classification number |
821-32 მ-90 |
| 245 ## - ცნობა სათაურის შესახებ |
| Title |
მსოფლიო ლიტერატურა: |
| Remainder of title |
რჩეული მოთხრობები ტ.7. XIX საუკუნის ქართული მოთხრობა: 2 წიგნად:წიგნი პირველი / |
| Statement of responsibility, etc |
კრებული შეადგინეს: იუზა ევგენიძემ და ლადო მინაშვილმა; გამოც.მთავარ.რედ: ბეგო ბეჟუაშვილი; ტომის რედ:რევაზ გოგია, გრაფიკა: ამირან ისიანი. |
| 264 ## - წარმოების, გამოცემის, დისტრიბუციის და სხვა ცნობები |
| გამოცემის, წარმოების, დისტრიბუციის... ადგილი |
თბილისი: |
| გამოცემის, წარმოების, დისტრიბუციის... სახელწოდება |
დია, |
| გამოცემის, წარმოების, დისტრიბუციის... თარიღი |
2014. |
| 300 ## - ფიზიკური აღწერა |
| Extent |
351 გვ.; |
| Other physical details |
20 სმ. |
| 300 ## - ფიზიკური აღწერა |
| Other physical details |
ილ. |
| 653 ## - INDEX TERM--UNCONTROLLED |
| Uncontrolled term |
მსოფლიო ლიტერატურა. |
| 653 ## - INDEX TERM--UNCONTROLLED |
| Uncontrolled term |
იოანე ბატონიშვილი |
| 653 ## - INDEX TERM--UNCONTROLLED |
| Uncontrolled term |
წმიდათა მოწამეთა ბიძინა |
| 653 ## - INDEX TERM--UNCONTROLLED |
| Uncontrolled term |
ელიზბარ და შალვას ამბავი |
| 653 ## - INDEX TERM--UNCONTROLLED |
| Uncontrolled term |
ალექსანდრე ორბელიანი |
| 653 ## - INDEX TERM--UNCONTROLLED |
| Uncontrolled term |
უმანკო სისხლი |
| 653 ## - INDEX TERM--UNCONTROLLED |
| Uncontrolled term |
გრიგოლ რჩეულიშვილი |
| 700 ## - ADDED ENTRY--PERSONAL NAME |
| Personal name |
ევგენიძე, იუზა |
| Relator term |
შემდგენელი |
| 9 (RLIN) |
5769 |
| 700 ## - ADDED ENTRY--PERSONAL NAME |
| Personal name |
მინაშვილი, ლადო |
| Relator term |
შემდგენელი |
| 9 (RLIN) |
1253 |
| 700 ## - ADDED ENTRY--PERSONAL NAME |
| Personal name |
ბეჟუაშვილი, ბეგო |
| Relator term |
რედაქტორი |
| 9 (RLIN) |
19787 |
| 942 ## - ADDED ENTRY ELEMENTS (KOHA) |
| Koha item type |
წიგნი |
| Source of classification or shelving scheme |
|